Hudson-Bergen Light Rail - Statistics

General Stats
  • This quiz has been taken 7 times
  • The average score is 12 of 24
Answer Stats
Station Name Municipality Weekday Entries (2022) % Correct
Tonnelle Avenue North Bergen 740
100%
2nd Street Hoboken 995
75%
8th Street Bayonne 1,090
75%
Hoboken Terminal Hoboken 2,229
75%
Newport Jersey City 4,220
75%
22nd Street Bayonne 1,366
50%
34th Street Bayonne 917
50%
45th Street Bayonne 841
50%
Bergenline Avenue Union City 2,586
50%
Danforth Avenue Jersey City 836
50%
Garfield Avenue Jersey City 722
50%
Liberty State Park Jersey City 2,112
50%
Lincoln Harbor Weehawken 508
50%
Marin Boulevard Jersey City 847
50%
Port Imperial Weehawken 834
50%
West Side Avenue Jersey City 1,368
50%
9th Street-Congress Street Hoboken 2,149
25%
Essex Street Jersey City 732
25%
Exchange Place Jersey City 3,739
25%
Harborside Jersey City 696
25%
Harsimus Cove Jersey City 1,098
25%
Jersey Avenue Jersey City 1,101
25%
Martin Luther King Drive Jersey City 1,249
25%
Richard Street Jersey City 712
25%
No matching quizzes found
Score Distribution
Percent of People with Each Score
Percentile by Number Answered
Your Score History
You have not taken this quiz